Developing management skills : What great managers know and do
Developing Management Skills by Baldwin/Bommer/Rubin distinguishes itself by exclusively focusing on teaching relevant skills, its learner-centered writing and its evidence-based foundation. This text’s problem-based approach draws students in with several fundamental and specific questions or chall...
Kaydedildi:
| Yazar: | |
|---|---|
| Materyal Türü: | Kitap |
| Dil: | Undetermined |
| Baskı/Yayın Bilgisi: |
Boston, Mass.
McGraw-Hill Irwin
2008
|
| Konular: | |
| Etiketler: |
Etiketle
Etiket eklenmemiş, İlk siz ekleyin!
|
| Thư viện lưu trữ: | Trung tâm Học liệu Trường Đại học Cần Thơ |
|---|
| LEADER | 00939nam a2200217Ia 4500 | ||
|---|---|---|---|
| 001 | CTU_149768 | ||
| 008 | 210402s9999 xx 000 0 und d | ||
| 020 | |c 98.25 | ||
| 082 | |a 658.407124 | ||
| 082 | |b B182 | ||
| 100 | |a Baldwin, Timothy | ||
| 245 | 0 | |a Developing management skills : | |
| 245 | 0 | |b What great managers know and do | |
| 245 | 0 | |c Timothy Baldwin, Bill Bommer, Robert Rubin | |
| 260 | |a Boston, Mass. | ||
| 260 | |b McGraw-Hill Irwin | ||
| 260 | |c 2008 | ||
| 520 | |a Developing Management Skills by Baldwin/Bommer/Rubin distinguishes itself by exclusively focusing on teaching relevant skills, its learner-centered writing and its evidence-based foundation. This text’s problem-based approach draws students in with several fundamental and specific questions or challenges in the Manage What? | ||
| 650 | |a Management,Quản lý | ||
| 904 | |a Duy Bằng | ||
| 980 | |a Trung tâm Học liệu Trường Đại học Cần Thơ | ||